Najbardziej znane sanktuaria w Polsce - Statystyki

Ogólne statystyki
  • Ten quiz został rozwiązany 38 razy
  • Średni wynik to 9 z 30
Statystyki odpowiedzi
Hint Odpowiedź % Poprawnych
Najbardziej znane polskie sanktuarium maryjne Częstochowa (Jasna Góra)
93%
Największy kościół w Polsce Licheń Stary
79%
Rodzinne miasto Jana Pawła II Wadowice
61%
Sanktuarium Miłosierdzia Bożego i znany ośrodek kultu św. Faustyny Kraków (Łagiewniki)
54%
Jedyne potwierdzone objawienia maryjne w Polsce Gietrzwałd
50%
Figura Chrystusa Króla Świebodzin
46%
Katedra z grobem św. Wojciecha Gniezno
43%
Ośrodek działalności św. Maksymiliana Kolbego Paprotnia (Niepokalanów)
43%
Zwane "Częstochową Północy" - sanktuarium położone na granicy z Warmią Święta Lipka
43%
Zespół parkowo-pasyjny zwany "Polską Jerozolimą" i wpisany na listę UNESCO Kalwaria Zebrzydowska
39%
Tatrzańskie sanktuarium powstałe jako wotum za uratowanie życia Jana Pawła II Zakopane (Krzeptówki)
36%
Ośrodek pielgrzymkowy na Górnym Śląsku Piekary Śląskie
32%
Sanktuarium św. Anny na Opolszczyźnie Góra Świętej Anny
29%
Kalwaria nieopodal Bieszczad Kalwaria Pacławska
29%
Najstarsze Polskie sanktuarium z relikwiami Krzyża Świętego Nowa Słupia (Święty Krzyż)
29%
Sanktuarium maryjne nad Bugiem Kodeń
25%
Klasztor założony przez św. Kingę Stary Sącz
25%
Miejsce kultu św. Józefa Kalisz
21%
Sanktuarium św. Jadwigi Śląskiej Trzebnica
21%
Najważniejsze sanktuarium na Podhalu Ludźmierz
18%
"Śląska Jerozolima" Wambierzyce
18%
Miejsce uwięzienia kard. Stefana Wyszyńskiego na Warmii Stoczek Klasztorny
14%
Wielkopolska "Święta Góra" Gostyń (Głogówko)
11%
Barokowa bazylika w Sudetach Krzeszów
11%
Sanktuarium prowadzone przez redemptorystów w okolicach Tarnowa Tuchów
11%
Sanktuarium maryjne na Lubelszczyźnie Wąwolnica
11%
Figura Matki Bożej na Dolnym Śląsku Bardo
7%
Popularne małopolskie sanktuarium maryjne z Pietą Limanowa
4%
Klasztor karmelitów nieopodal Torunia Obory
4%
Sanktuarium maryjne na zachód od Piły Skrzatusz
4%
Nie znaleziono quizów pasujących do podanych kryteriów
Rozkład punktacji
Procent ludzi z każdym wynikiem
Percentyl według liczby udzielonych odpowiedzi
Twoja historia wyników
Nie rozwiązałeś tego quizu